000 00752nam a2200241 i 4500
001 57804
003 ES-MaACL
005 20250801154217.0
007 t|
008 031017s1957 sp ||||1| spa d
080 _a929 Walewska, Maria
100 1 _aDrewitz, Carl A.
_945612
245 1 0 _aMaria Walewska :
_b(la mujer que amó a Napoleón) /
_cCarl A. Drewitz ; [traducido del alemán por Victor Scholz].
250 _a1ª ed.
260 _aBarcelona :
_bAHR,
_c1957.
300 _a319 p. ;
_c20 cm.
490 1 _aHistoria y amor
600 1 4 _aWalewska, Maria Laczynska (
_d1789-1817)
_9174308
700 1 _aScholz, Víctor.
_9104643
830 1 0 _aHistoria y amor
_9182274
852 4 _aES-MaACL
_jC-12434
999 _c57804
_d57804